Statistiques concernant Classement des pays avec le qi le plus bas (2006 en moyenne

Cliquez ici pour prendre le quiz!

Statistiques générales

  • Ce quiz a été pris 71 fois
  • Le résultat moyen est 7 sur 20

Statistiques - réponses

QiPays% Correct
64République Démocratique Du Congo
78%
65République Du Congo
76%
64Ethiopie
54%
66sénégal
54%
66Zimbabwe
48%
64Cameroun
46%
67Guinée
46%
64Gabon
41%
64République Centrafricaine
35%
66Gambie
33%
67Libéria
31%
67Lesotho
30%
64Mozambique
30%
64Sierra Leone
30%
67Guinée-Bissau
28%
59Guinée-Equatoriale
26%
67Haïti
24%
67Sao Tomé-et-Principe
17%
62Sainte-Lucie
6%
67Saint-Cristophe-et-Niévès
2%

Distribution des résultats

Percentile par nombre de réponses

% des personnes avec chaque résultat

Votre développement - résultats

Vous n’avez pas pris ce quiz